000 00404nam a22001697a 4500
003 MPLRDC
005 20220104143451.0
008 210129b ||||| |||| 00| 0 eng d
082 _a880 TGNF-10 c.2
100 _a屠格涅夫著; 陆蠡译
245 _a罗亭
_c
250 _a一版一刷
260 _a
_b文化生活出版社
_c1936
300 _b
650 _a
942 _cBK
_o880 TGNF-10 c.2
999 _c40195
_d40185